000
00373nam a2200181Ia 4500
999
_c
7251
_d
7251
003
OSt
005
20230706153545.0
008
200302s9999 xx 000 0 und d
020
_a
9781844281695
040
_a
BMSCA
041
_a
eng
100
_a
Peter H.Reynolds
245
_a
The Dot
260
_b
Walker Book Ltd.
260
_c
2004
300
_a
16
942
_2
ddc